| 000 | 00990nam a22002537a 4500 | ||
|---|---|---|---|
| 005 | 20170124103033.0 | ||
| 010 | _aB-198176 | ||
| 020 |
_c175.00 _a8189859064 |
||
| 035 | _aB-198176 | ||
| 037 | _bCen Lib/Ret | ||
| 040 |
_aDPL _bHN |
||
| 082 |
_aउ _bजफ़ाम |
||
| 100 |
_aजफ़ा, मनोरमा _964346 |
||
| 245 |
_aदेविका / _cमनोरमा जफ़ा |
||
| 246 |
_aDevika / _bby Manorama Jafa |
||
| 260 |
_aनई दिल्ली _bकिताबघर _c2006 |
||
| 270 |
_bनई दिल्ली _a4855-56/24, अंसारी रोड, दरियागंज _e110002 |
||
| 300 |
_a176पृ. _c20सेमी (सजिल्द) |
||
| 650 |
_a हिन्दी साहित्य _964347 |
||
| 650 |
_a हिन्दी साहित्य -- उपन्यास _946379 |
||
| 650 |
_aHindi literature _964348 |
||
| 650 |
_aHindi literature -- Fiction _964349 |
||
| 942 |
_2ddc _cHN _hउ _mजफ़ाम |
||
| 999 |
_c116007 _d116007 |
||